00429nam a2200145 a 450000500170000000800410001702000180005805000240007610000230010024500490012326000520017230000210022452100100024565000280025520140311163001.0020824s19uu xx 00 eng d a9789718558362 aLB 1051b.T819 1998 aTria, Geraldine E. aPsychology of learning /cGeraldine E. Tria. aManila, Phillipines :bPopular Boostore,c1998. a146 p. :c23 cm. aPSYCH aLearning, psychology of